banner-ar

الطفل الموهوب فى الفصل العادى / (Record no. 44106)

MARC details
000 -الفاتح
حقل البيانات ثابتة الطول 00654nam a2200229Ia 4500
005 - وقت وتاريخ اخر تعامل مع التسجيلة
رقم الضبط 20240530104019.0
008 - عناصر البيانات ثابتة الطول - معلومات عامة
حقل البيانات ثابتة الطول 140319s9999 xx 000 0 ara d
040 ## - مصدر الفهرسة
وكالة الفهرسة الأصلية GCL /
وكالة النسخ GCL
082 04 - رقم تصنيف ديوى العشرى
رقم التصنيف 155.455
رقم المادة ش ط
100 1# - المدخل الرئيسى - إسم شخصى
الإسم الشخصى شيفل ، ماريان
245 10 - بيان العنوان
العنوان الطفل الموهوب فى الفصل العادى /
بيان المسئوليه,etc ماريان شيفل
300 ## - الوصف المادى
التعداد 170 ص
490 ## - بيان السلسلة
عنوان السلسلة الالف كتاب
رقم المجلد/ التعيين التسلسلي 0
650 04 - المدخل الاضافى بالموضوع-مصطلح موضوعى
مصطلح موضوعي الاطفال
650 04 - المدخل الاضافى بالموضوع-مصطلح موضوعى
مصطلح موضوعي الموهبة
650 04 - المدخل الاضافى بالموضوع-مصطلح موضوعى
مصطلح موضوعي الابداع الادبى
650 04 - المدخل الاضافى بالموضوع-مصطلح موضوعى
مصطلح موضوعي الطلبة الموهبون
700 1# - المدخل الاضافى - اسم شخصى
الإسم الشخصى رياض عسكر
700 1# - المدخل الاضافى - اسم شخصى
الإسم الشخصى احمد زكى
942 ## - عناصر المدخل الإضافي( كوها)
مصدر التصنيف او مخطط الترفيف Dewey Decimal Classification
Koha [default] item type كتاب
Holdings
حالة التراجع حالة الفقد حالة تلف ليس للاعارة المكان المؤقت الموقع الحالى تاريخ الاكتساب اجمالي اﻻعارات رقم الطلب الباركود تاريخ اخر مشاهدة تاريخ تفعيل السعر نوع وعاء كوها
        مكتبة القاهرة الكبرى مكتبة القاهرة الكبرى 03/26/2014   155.455\ش ط 107068 03/26/2014 03/26/2014 كتاب

Powered By

EGPV